000 00537nam a22001937a 4500
005 20251108164938.0
008 250721s2001 xx 000 0 ara d
082 1 4 _a216.393/قلا
100 1 _aبن قلاوون، حسن بن محمد
245 1 0 _aكتاب وقف السلطان الناصر /
264 1 _aبيروت :
_c2001.
300 _a295ص
650 1 7 _aالوقف
650 1 7 _aالأوقاف
650 1 7 _aالإسلام
700 1 _aالحارثي، هويدا
_eتحقيق
942 _2ddc
_cBK
999 _c18069
_d18069